| 000 | 00466nam a2200145Ia 4500 | ||
|---|---|---|---|
| 041 | _aKurdish | ||
| 082 | _a728.6 cut-279 ب | ||
| 100 | _a20260118u\\\\\\\\\\\y0engy0103\\\\ba | ||
| 100 | _aعبدالجبار مصطفى باخەوان | ||
| 245 | 0 | _aئەندازیارى خانووبەرەى لادێکانى کوردستان | |
| 250 | _aچ1 | ||
| 260 |
_bوەزارەتى رۆشنبیرى _aسلیمانى - العراق _c2005 |
||
| 300 | _a105 | ||
| 942 | _cBk | ||
| 999 |
_c189884 _d189884 |
||